[Event "Saint Affrique op 22nd"]
[Site "Saint Affrique"]
[Date "2014.07.23"]
[Round "6"]
[White "Salvador, Thomas"]
[Black "Raynal, Etienne"]
[Result "0-1"]
[WhiteElo "1110"]
[BlackElo "1286"]
[PlyCount "77"]
[EventDate "2014.07.19"]
[EventType "swiss"]
[EventRounds "9"]
[EventCountry "FRA"]
[SourceTitle "CBM 161 Extra"]
[Source "ChessBase"]
[SourceDate "2014.08.29"]
[SourceVersion "1"]
[SourceVersionDate "2014.08.29"]
[SourceQuality "1"]

1. e4 e5 2. Nf3 Nc6 3. Bb5 Nf6 4. Bxc6 dxc6 5. Nxe5 Qd4 6. Qe2 Qxe5 7. 0-0 Qxe4 8. Qxe4+ Nxe4 9. Re1 Bf5 10. d3 Bd6 11. dxe4 Be6 12. Nc3 0-0-0 13. a4 Rhe8 14. a5 Bf5 15. a6 b6 16. Be3 Be6 17. h3 h5 18. Bg5 f6 19. e5 Bxe5 20. Rxe5 fxe5 21. Bxd8 Kxd8 22. b4 Kc8 23. b5 cxb5 24. Nxb5 Kb8 25. Rc1 Bc4 26. Rb1 Rd8 27. Rb4 Bxb5 28. Rxb5 Re8 29. c4 c6 30. Rb1 c5 31. Ra1 e4 32. Ra3 Rd8 33. Re3 Rd4 34. f3 Rd1+ 35. Kf2 exf3 36. Rxf3 Kc7 37. Rf7+ Kd8 38. Rf5 g6 39. Rf6 0-1